|
|
|
|
| LEADER |
00000cam a22000008i 4500 |
| 001 |
OR_on1005198921 |
| 003 |
OCoLC |
| 005 |
20231017213018.0 |
| 006 |
m o d |
| 007 |
cr ||||||||||| |
| 008 |
171002s2018 nju ob 001 0 eng |
| 010 |
|
|
|a 2017047303
|
| 040 |
|
|
|a DLC
|b eng
|e rda
|c DLC
|d OCLCF
|d OCLCO
|d YDX
|d TEFOD
|d TOH
|d UMI
|d UAB
|d COO
|d K6U
|d D6H
|d HCO
|d OCLCQ
|d S9I
|d VT2
|d C6I
|d UKAHL
|d N$T
|d OCLCO
|d OCLCQ
|d OCLCO
|
| 019 |
|
|
|a 1017754282
|a 1097098226
|a 1103269663
|
| 020 |
|
|
|a 9781632658838
|q (electronic bk.)
|
| 020 |
|
|
|a 1632658836
|q (electronic bk.)
|
| 020 |
|
|
|z 9781632651235 (pbk.)
|
| 020 |
|
|
|z 1632651238
|
| 035 |
|
|
|a (OCoLC)1005198921
|z (OCoLC)1017754282
|z (OCoLC)1097098226
|z (OCoLC)1103269663
|
| 037 |
|
|
|a AA616DC9-1101-4061-8252-9407C7BD5B14
|b OverDrive, Inc.
|n http://www.overdrive.com
|
| 042 |
|
|
|a pcc
|
| 050 |
1 |
0 |
|a HD69.S8
|
| 082 |
0 |
0 |
|a 658.4/022
|2 23
|
| 049 |
|
|
|a UAMI
|
| 100 |
1 |
|
|a Spitzer, Thea Singer,
|e author.
|
| 245 |
1 |
4 |
|a The power of collaboration :
|b powerful insights from Silicon Valley to successfully grow groups, strengthen alliances, and boost team potential /
|c by Thea Singer Spitzer, PhD.
|
| 263 |
|
|
|a 1712
|
| 264 |
|
1 |
|a Wayne, NJ :
|b Career Press,
|c [2018]
|
| 300 |
|
|
|a 1 online resource.
|
| 336 |
|
|
|a text
|b txt
|2 rdacontent
|
| 337 |
|
|
|a computer
|b n
|2 rdamedia
|
| 338 |
|
|
|a online resource
|b nc
|2 rdacarrier
|
| 347 |
|
|
|a data file
|2 rda
|
| 490 |
0 |
|
|a Business professional collection
|
| 504 |
|
|
|a Includes bibliographical references and index.
|
| 588 |
|
|
|a Description based on print version record and CIP data provided by publisher; resource not viewed.
|
| 520 |
|
|
|a Showing how any company, anywhere, can adapt to achieve its goals, this cutting-edge book combines the author's longstanding expertise with innovative thinking, research, and focused interviews to provide a practical framework for the next epoch of collaboration. --
|c Edited summary from book.
|
| 590 |
|
|
|a O'Reilly
|b O'Reilly Online Learning: Academic/Public Library Edition
|
| 650 |
|
0 |
|a Strategic alliances (Business)
|
| 650 |
|
0 |
|a Business networks.
|
| 650 |
|
0 |
|a Teams in the workplace.
|
| 650 |
|
0 |
|a Organizational behavior.
|
| 650 |
|
0 |
|a Interorganizational relations.
|
| 650 |
|
6 |
|a Alliances stratégiques (Affaires)
|
| 650 |
|
6 |
|a Réseaux d'affaires.
|
| 650 |
|
6 |
|a Équipes de travail.
|
| 650 |
|
6 |
|a Comportement organisationnel.
|
| 650 |
|
6 |
|a Relations interorganisationnelles.
|
| 650 |
|
7 |
|a Business networks
|2 fast
|
| 650 |
|
7 |
|a Interorganizational relations
|2 fast
|
| 650 |
|
7 |
|a Organizational behavior
|2 fast
|
| 650 |
|
7 |
|a Strategic alliances (Business)
|2 fast
|
| 650 |
|
7 |
|a Teams in the workplace
|2 fast
|
| 776 |
0 |
8 |
|i Print version:
|a Spitzer, Thea Singer, author.
|t Power of collaboration
|d Wayne, NJ : Career Press, [2018]
|z 9781632651235
|w (DLC) 2017039164
|
| 856 |
4 |
0 |
|u https://learning.oreilly.com/library/view/~/9781632651235/?ar
|z Texto completo (Requiere registro previo con correo institucional)
|
| 938 |
|
|
|a YBP Library Services
|b YANK
|n 15006294
|
| 938 |
|
|
|a Askews and Holts Library Services
|b ASKH
|n AH33441387
|
| 938 |
|
|
|a EBSCOhost
|b EBSC
|n 1639162
|
| 994 |
|
|
|a 92
|b IZTAP
|